Guess the Meaning to Show the Anagram - Countries - Statistics

General Stats
  • This quiz has been taken 15 times
  • The average score is 8 of 15
Answer Stats
Answer % Correct
<= Soft sweet that you crush with your teeth but do not swallow Gum
92%
The bitter, yellow liquid produced by the liver => Bile
83%
<= To be able to Can
83%
<= A road vehicle with an engine and four wheels, and seats for a small quantity of people Car
75%
A large green lizard of tropical America => Iguana
75%
<= A friend Pal
75%
Belgium
67%
To put a thin line of mortar in the spaces between tiles => Grout
50%
<= A person who uses a gun regularly Shooter
50%
Nicaragua
42%
Portugal
33%
The 19th letter of the Greek alphabet => Tau
25%
South Korea
17%
When a lot of things are happening => Activity
8%
Vatican City
8%
No matching quizzes found
Score Distribution
Percent of People with Each Score
Percentile by Number Answered
Your Score History
You have not taken this quiz